Normal view
MARC view
- تاليف عبادة، عبد الحميد؛ تحقيق وتعليق رؤوف، عماد عبد السلام
Entry Personal Name
001 - CONTROL NUMBER
- control field: 16035
003 - CONTROL NUMBER IDENTIFIER
- control field: JO-AjAnu
005 - DATE AND TIME OF LATEST TRANSACTION
- control field: 20230606072846.0
008 - FIXED-LENGTH DATA ELEMENTS
- fixed length control field: 230606|| aca||aabn | a|a d
040 ## - CATALOGING SOURCE
- Original cataloging agency: JO-AjAnu
- Transcribing agency: JO-AjAnu
100 ## - HEADING--PERSONAL NAME
- Personal name: تاليف عبادة، عبد الحميد؛ تحقيق وتعليق رؤوف، عماد عبد السلام
670 ## - SOURCE DATA FOUND
- Source citation: Work cat.: (JO-AjAnu)8232: تاليف عبادة، عبد الحميد؛ تحقيق وتعليق رؤوف، عماد عبد السلام, author, العقد اللامع بأثار بغداد والمساجد والجوامع